Online
Catalog

Guía breve de jardinería : (Record no. 19345)

MARC details
000 -CABECERA
campo de control de longitud fija 00864nam a2200229 a 4500
001 - NÚMERO DE CONTROL
campo de control 000019832
005 - FECHA Y HORA DE LA ÚLTIMA TRANSACCIÓN
campo de control 20200929170145.0
008 - DATOS DE LONGITUD FIJA--INFORMACIÓN GENERAL
campo de control de longitud fija 100707s1968 sp a r 000 0 spa d
040 ## - FUENTE DE LA CATALOGACIÓN
Centro catalogador/agencia de origen DO-SdBNP
Lengua de catalogación spa
Centro/agencia transcriptor BNPHU
082 ## - NÚMERO DE LA CLASIFICACIÓN DECIMAL DEWEY
Número de clasificación 635.982
Número de documento/Ítem F413g
049 ## - FONDOS LOCALES (OCLC)
Fondos de biblioteca BNGR
100 1# - ENTRADA PRINCIPAL--NOMBRE DE PERSONA
Nombre de persona Feslikenian, Franca
9 (RLIN) 42329
245 10 - MENCIÓN DE TÍTULO
Título Guía breve de jardinería :
Resto del título cultivos en jardín, balcones e interiores /
Mención de responsabilidad, etc. Franca Feslikenian ; traducción Baudilio Juscafresa.
260 ## - PUBLICACIÓN, DISTRIBUCIÓN, ETC.
Lugar de publicación, distribución, etc. Barcelona, (España) :
Nombre del editor, distribuidor, etc. Editorial de Vecchi,
Fecha de publicación, distribución, etc. 1968.
300 ## - DESCRIPCIÓN FÍSICA
Extensión 169 p. :
Otras características físicas il. ;
Dimensiones 19 cm.
490 1# - MENCIÓN DE SERIE
Mención de serie Colección biblioteca práctica de Vecchi ;
Designación de volumen o secuencia no.19
650 #4 - PUNTO DE ACCESO ADICIONAL DE MATERIA--TÉRMINO DE MATERIA
Término de materia o nombre geográfico como elemento de entrada Jardinería
9 (RLIN) 42330
650 #4 - PUNTO DE ACCESO ADICIONAL DE MATERIA--TÉRMINO DE MATERIA
Término de materia o nombre geográfico como elemento de entrada Jardinería de interiores
9 (RLIN) 42331
650 #4 - PUNTO DE ACCESO ADICIONAL DE MATERIA--TÉRMINO DE MATERIA
Término de materia o nombre geográfico como elemento de entrada Jardinería de azotea
9 (RLIN) 42332
700 1# - PUNTO DE ACCESO ADICIONAL--NOMBRE DE PERSONA
Nombre de persona Juscafresa, Baudilio
Término indicativo de función/relación tr.
9 (RLIN) 42333
830 #0 - PUNTO DE ACCESO ADICIONAL DE SERIE-TÍTULO UNIFORME
Título uniforme Colección biblioteca práctica de Vecchi ;
Número de parte o sección de la obra no.19
9 (RLIN) 42334
Holdings
Estado de retiro Estado de pérdida Restricciones de uso No para préstamo Código de colección Localización permanente Ubicación/localización actual Ubicación en estantería Fecha de adquisición Número de inventario Total de préstamos Signatura topográfica completa Código de barras Fecha visto por última vez Precio válido a partir de Tipo de ítem Koha
        Monografías: Libros y Folletos General General En catalogación 07.07.2010 LF1   635.982 F413g 19832-10 25.06.2020 25.06.2020 Préstamo en sala

Powered by Koha